Európska veda vedecký časopis

Enregistré dans:
Détails bibliographiques
Format: Publication en série
Langue:anglais
slovaque
Publié: Podhájska Európsky inštitút ďalšieho vzdelávania
Tags: Ajouter un tag
Pas de tags, Soyez le premier à ajouter un tag!

MARC

LEADER 00000nas1a2200000 4500
001 0243956
005 20210107091413.9
022 |a 2585-7738 
041 0 |a eng 
041 0 |a slo 
044 |a SK 
245 1 0 |a Európska veda  |b vedecký časopis 
264 1 |a Podhájska  |b Európsky inštitút ďalšieho vzdelávania